Betty White TV Chain Quiz Stats

 Plays Quiz Updated May 22, 2017

Also try: Golden Girls Theme
Challenge
Share
Tweet
Embed
Score 0/22 Timer 06:00
0 Plays Today
Actor/Actress 1 TV Show % Correct
Beatrice ArthurGolden Girls
92%
Kelsey GrammerCheers
90%
Alyson HanniganHow I Met Your Mother
84.7%
Jane LeevesFrasier
83.8%
Ed O'NeillMarried... with Children
80.5%
Neil Patrick HarrisDoogie Howser, M.D.
71.3%
Julie BowenModern Family
60.3%
Melissa McCarthyGilmore Girls
58%
Conrad BainMaude
56%
Betty WhiteHot in Cleveland
54.5%
Michael C. HallDexter
51.4%
Actor/Actress 1 TV Show % Correct
Julie BenzBuffy the Vampire Slayer
45.6%
Ted DansonBecker
43.9%
Molly RingwaldThe Facts of Life
41.1%
Lauren GrahamParenthood
40.1%
Peter KrauseSix Feet Under
36.7%
Charlotte RaeDiff'rent Strokes
36.2%
Christina ApplegateSamantha Who?
27.9%
Terry FarrellStar Trek: Deep Space Nine
20.8%
Steve SchirripaThe Secret Life of the American Teenager
19.6%
Max CasellaThe Sopranos
15.7%
René AuberjonoisBoston Legal
12.5%

You're not logged in!

Compare scores with friends on all Sporcle quizzes.
OR
Log In

You Might Also Like...

Show Comments

Extras

Top Quizzes Today


Score Distribution

Your Account Isn't Verified!

In order to create a playlist on Sporcle, you need to verify the email address you used during registration. Go to your Sporcle Settings to finish the process.

Report this User

Report this user for behavior that violates our Community Guidelines.

Details: